História naživo Týždeň slovenských knižníc 2011 v Slovenskej národnej knižnici

Bibliographic Details
Main Authors: Mäčková, Edita (Author), Horičková, Anna, 1953- (Author)
Format: Article
Language:Slovak
PhysicalDescription:Fotogr.
ISSN:1335-7026
Subjects:
Online Access:http://www.snk.sk/images/snk/casopis_kniznica/2011/maj/41.pdf.pdf

MARC

LEADER 00000nab a2200000 a 4500
001 vtls010336615
003 SK-MaSNL
005 20260304162439.0
008 250507|2011 xo |r||||||||||00 b|slo
015 |a SNBRB2011/12  |2 snkbucl 
035 |a (uuid)e390212d-3475-464a-8932-056a7d2a3a2d 
035 |a urn:nbn:sk:snk-abc7c6 
035 |a (urnnbn)urn:nbn:sk:snk:ar-000qc8 
038 |a SNKBUCL 
040 |a SNKBUCL  |b slo  |c SNKBUCL  |e AACR2 
041 0 |a slo 
044 |a xo  |c SK 
080 |a 027.54  |x (437.6)  |2 2001 
100 1 |a Mäčková, Edita  |4 aut  |9 1125191 
245 1 0 |a História naživo  |b Týždeň slovenských knižníc 2011 v Slovenskej národnej knižnici  |c Edita Mäčková, Anna Horičková 
300 |b Fotogr. 
610 2 7 |a Slovenská národná knižnica  |2 snknba  |9 30663 
611 2 7 |a Týždeň slovenských knižníc  |n (12. :  |d 2011 :  |c Slovensko)  |2 snknba  |9 1488037 
700 1 |a Horičková, Anna,  |d 1953-  |4 aut  |9 106019 
773 0 |t Knižnica  |g Roč. 12, č. 5 (2011), s. 41-42  |x 1335-7026 
850 |a Slovenská národná knižnica 
852 |a Slovenská národná knižnica 
856 4 1 |u http://www.snk.sk/images/snk/casopis_kniznica/2011/maj/41.pdf.pdf 
954 |a odborná, vedecká literatúra pôvodná (slovenská)  |2 lita 
958 |a article15 
958 |a OND 
958 |a KL 
958 |a EUIPO 
999 |c 2974308  |d 2976238